000 02870cam a2200373 i 4500
001 23174457
005 20250327110716.0
008 230606t20162016enka 000 0 eng d
010 _a 2023289511
020 _a9781473633155
_q(pbk.)
035 _a(OCoLC)ocn935196255
040 _aBTCTA
_beng
_erda
_cBTCTA
_dBDX
_dIMR
_dOCLCO
_dIMR
_dABG
_dFM0
_dOCLCO
_dOCLCF
_dOCLCO
_dOCL
_dVP@
_dOCLCQ
_dOCLCO
_dOCLCA
_dNZHWP
_dTL4
_dUX0
_dOCLCO
_dBYV
_dOCLCO
_dOQX
_dAU@
_dOCP
_dT7A
_dHRF
_dILM
_dUOK
_dD9M
_dJDP
_dWAU
_dOCLCO
_dWAU
_dDLC
041 1 _aeng
042 _alccopycat
050 0 0 _aPF3129.E5
_bL49 2016
100 _aLewis, Benny
_q(Brendan Richard),
_eauthor.
245 1 0 _aLanguage hacking German
_b: a conversation course for beginners
_c/ Benny Lewis, the Irish polyglot.
246 3 _a#Language hacking German
246 3 _aHashtag language hacking German
264 1 _aLondon :
_bJohn Murray Learning,
_c[2016]
264 4 _c©2016
300 _axiii, 256 pages :
_billustrations ;
_c24 cm.
385 _aGerman, Students of
_aEnglish speakers
_2lcdgt
490 1 _aTeach yourself
500 _a"Learn how to speak German-- with actual people-- right from the start!"
505 0 _aTalking about me — Asking about you — Solving communication problems — Describing your future plans — Talking about family and friends — Have some food, drink and conversation — Talking about yesterday … last week … a long time ago — It's been a while! — Describe it! — Having your first conversation.
520 _aLanguage Hacking takes a modern approach to language learning and focuses on the conversations that learners need to master right away, rather than presenting language as a slow-moving series of building blocks. This means that you can have meaningful conversations right away, not after years of study. Incorporating the language hacks that Benny Lewis mastered while learning (as an adult) the 10 languages he now speaks, these courses help learners exponentially increase their language knowledge through clever shortcuts, memory techniques, and conversation strategies. The course consists of 9 units, each containing 3 conversations that culminate with a mission that learners complete and submit in the learner community that has been custom-created to accompany the course. There, learners give and get feedback to extend their learning beyond the pages of the book. It blends the best of technology and traditional learning so that learners can personalize their learning, get support from other learners, and rely on Benny's tried and tested methods for learning.
650 0 _aGerman language
_vSelf-instruction.
650 0 _aGerman language
_vTextbooks for foreign speakers
_xEnglish.
_924643
655 0 _aSelf-instruction
_924883
830 0 _aTeach yourself books.
856 4 2 _uhttp://www.teachyourself.com/languagehacking
942 _2lcc
999 _c4528
_d4528